00990cam a2200277 a 450000500170000000800410001702000150005804000290007304100080010204400070011008200190011710000330013624501470016926000440031630000350036049000440039550400420043965000280048165000320050965000220054165000380056365000270060165000260062870000310065470000270068520200104041605.0960311s1996 dcu b i000 0 eng  a0821336169 aDLCcDLCdDLCdCO-BoIAVH0 aeng ack00a333.9516bS77b1 aSrivastava, Jitendra,d1940-10aBiodiversity and agriculture :bimplications for conservation and development /cpor Jitendra Srivastava, Nigel J.H. Smith, and Douglas Forno. aWashington, D.C. :bWorld Bank,cc1996. ax, 26 páginas ;c28 x 21 cm.0 aWorld bank technical paper number ;v21 aIncluye referencias bibliográficas. 6aAgriculturaxEcología 6aAgriculturaxconservación 6aAgrobiodiversidad 6aAgrobiodiversidadxconservación 6aAgricultura sostenible 6aDesarrollo sostenible1 aSmith, Nigel J. H.,d1949-1 aForno, Douglas,d1946-